<?xml version="1.0" encoding="UTF-8"?><?xml-stylesheet type="text/xsl" href="static/style.xsl"?><OAI-PMH xmlns="http://www.openarchives.org/OAI/2.0/" xmlns:xsi="http://www.w3.org/2001/XMLSchema-instance" xsi:schemaLocation="http://www.openarchives.org/OAI/2.0/ http://www.openarchives.org/OAI/2.0/OAI-PMH.xsd"><responseDate>2026-04-29T04:10:08Z</responseDate><request verb="GetRecord" identifier="oai:repisalud.isciii.es:20.500.12105/22886" metadataPrefix="marc">https://repisalud.isciii.es/rest/oai/request</request><GetRecord><record><header><identifier>oai:repisalud.isciii.es:20.500.12105/22886</identifier><datestamp>2024-11-28T19:24:13Z</datestamp><setSpec>com_20.500.12105_15322</setSpec><setSpec>com_20.500.12105_2051</setSpec><setSpec>col_20.500.12105_16963</setSpec><setSpec>col_20.500.12105_16967</setSpec></header><metadata><record xmlns="http://www.loc.gov/MARC21/slim" xmlns:dcterms="http://purl.org/dc/terms/" xmlns:doc="http://www.lyncode.com/xoai" xmlns:xsi="http://www.w3.org/2001/XMLSchema-instance" xsi:schemaLocation="http://www.loc.gov/MARC21/slim http://www.loc.gov/standards/marcxml/schema/MARC21slim.xsd">
   <leader>00925njm 22002777a 4500</leader>
   <datafield ind2=" " ind1=" " tag="042">
      <subfield code="a">dc</subfield>
   </datafield>
   <datafield ind2=" " ind1=" " tag="720">
      <subfield code="a">Nuñez Cuadros, Esmeralda</subfield>
      <subfield code="e">author</subfield>
   </datafield>
   <datafield ind2=" " ind1=" " tag="720">
      <subfield code="a">Calvo Rey, Cristina</subfield>
      <subfield code="e">author</subfield>
   </datafield>
   <datafield ind2=" " ind1=" " tag="720">
      <subfield code="a">Saavedra-Lozano, Jesus</subfield>
      <subfield code="e">author</subfield>
   </datafield>
   <datafield ind2=" " ind1=" " tag="720">
      <subfield code="a">Red RIOPed</subfield>
      <subfield code="e">author</subfield>
   </datafield>
   <datafield ind2=" " ind1=" " tag="260">
      <subfield code="c">2020-11</subfield>
   </datafield>
   <datafield ind2=" " ind1=" " tag="520">
      <subfield code="a">Introduction: In 2014 the Consensus Document produced by the Spanish Paediatric Societies (SEIP-SERPE-SEOP) was published to help in the diagnosis and treatment of osteoarticular infections (OAI). In 2015 the RIOPed was considered as a multidisciplinary national network for the investigation into OAI. The aim of this study was to assess the level of adaption to the recommendations established in the Consensus during one year of follow-up. Material and methods: A prospective, national multicentre study was carried out in 37 hospitals between September 2015 and September 2016. The study included patients > 16years-old with a diagnosis of OAI, confirmed by microbiological isolation, or probable: septic arthritis (SA) with > 40,000 white cells in synovial fluid, or osteomyelitis (OM)/spondylodiscitis (SD) with a compatible imaging test. The results were compared with those obtained in a retrospective study conducted between 2008 and 2012. Results: A total of 235 cases were included, of which 131 were OM, 79 SA, 30 OA, and 15 SD. As regards the complementary tests that the Consensus considered mandatory to perform, radiography was carried out on 87.8% of the cases, a blood culture on 91.6%, and culture of the synovial fluid in 99% of SA. A magnetic resonance (MR) was performed on 71% of the OM cases. The choice of intravenous empirical antibiotic treatment was adapted to the recommendations in 65.1% of cases, and in 62.3% for the oral treatment. Surgery was performed in 36.8% of SA cases (85.7% arthrotomy), with a significant decrease compared to the retrospective study (P = .014). Only 58.5% of cases followed the recommendations on the duration of the treatment; however, a lower duration of intravenous treatment was observed. Conclusions: In general, the level of adaptation to the recommendations that were set by the Expert Group, is good for the complementary tests, and acceptable as regards the choice of antibiotic treatment, although inadequate in almost 40% of cases. A decrease in hospital stay was achieved. (C) 2020 Asociacion Espanola de Pediatr ' a. Published by Elsevier Espana, S.L.U.</subfield>
   </datafield>
   <datafield ind1="8" ind2=" " tag="024">
      <subfield code="a">Cuadros EN, Rey CC, Saavedra-Lozano J, Red RIOPed. Evaluation of the impact of the Spanish consensus document on the approach to osteoarticular infections in Spain through the Paediatrics Osteoarticular Infections Network (RIOPED). An Pediatr. 2020 Nov;93(5):289-96.</subfield>
   </datafield>
   <datafield ind1="8" ind2=" " tag="024">
      <subfield code="a">1695-4033</subfield>
   </datafield>
   <datafield ind1="8" ind2=" " tag="024">
      <subfield code="a">https://hdl.handle.net/20.500.13003/19585</subfield>
   </datafield>
   <datafield ind1="8" ind2=" " tag="024">
      <subfield code="a">https://hdl.handle.net/20.500.12105/22886</subfield>
   </datafield>
   <datafield ind1="8" ind2=" " tag="024">
      <subfield code="a">31980415</subfield>
   </datafield>
   <datafield ind1="8" ind2=" " tag="024">
      <subfield code="a">10.1016/j.anpedi.2019.11.008</subfield>
   </datafield>
   <datafield ind1="8" ind2=" " tag="024">
      <subfield code="a">1696-4608</subfield>
   </datafield>
   <datafield ind1="8" ind2=" " tag="024">
      <subfield code="a">Anales de Pediatria</subfield>
   </datafield>
   <datafield ind1="8" ind2=" " tag="024">
      <subfield code="a">2-s2.0-85078120296</subfield>
   </datafield>
   <datafield ind1="8" ind2=" " tag="024">
      <subfield code="a">589811800004</subfield>
   </datafield>
   <datafield ind1="8" ind2=" " tag="024">
      <subfield code="a">L2004666346</subfield>
   </datafield>
   <datafield tag="653" ind2=" " ind1=" ">
      <subfield code="a">Osteoarticular infections</subfield>
   </datafield>
   <datafield tag="653" ind2=" " ind1=" ">
      <subfield code="a">Osteomyelitis</subfield>
   </datafield>
   <datafield tag="653" ind2=" " ind1=" ">
      <subfield code="a">Septic arthritis</subfield>
   </datafield>
   <datafield tag="653" ind2=" " ind1=" ">
      <subfield code="a">Diagnosis</subfield>
   </datafield>
   <datafield tag="653" ind2=" " ind1=" ">
      <subfield code="a">Treatment</subfield>
   </datafield>
   <datafield ind2="0" ind1="0" tag="245">
      <subfield code="a">Evaluation of the impact of the Spanish consensus document on the approach to osteoarticular infections in Spain through the Paediatrics Osteoarticular Infections Network (RIOPED)</subfield>
   </datafield>
</record></metadata></record></GetRecord></OAI-PMH>